000 00615nam a2200241Ia 4500
001 22341
005 20240114000636.0
007 ta
008 060316s a g b000 u 465 u
040 _aCotton College,Assam
041 _a465
082 _a821.91
_bW 733 A
100 _aWinston, Basil .
245 0 _aAmor Immortalis /
_cBasil Winston.
_hTextual Documents
250 _a1st ed. /
260 _aLondon :
_bAndrew Melrose ,
_cnd.
300 _a77p. :
_bill ;
_c17cm .
653 _aEnglish poetry
653 _aG-English
942 _2ddc
_cBK
999 _c22323
_d22323